Finančné technológie a regulácia bezpečnosti platobných transakcií

Teoretické východiská aplikácií finančných technológií a stav riešenej problematiky. Liberalizácia platobných služieb a otvorené bankovníctvo. Riziká a ochrana platobných transakcií. Výskum regulačných inštrukcií v oblasti bezpečnosti: platobné príkazy a inštrukcia k poplatkom, reklamácie platobných...

Celý popis

Uložené v:
Podrobná bibliografia
Hlavný autor: Kubranová, Magdaléna, 1956-
Médium: Kapitola
Jazyk:Slovak
Predmet:
Tagy: Pridať tag
Žiadne tagy, Buďte prvý, kto otaguje tento záznam!

MARC

LEADER 00000naa$a2200000$$$4500
001 0250077
005 20260325125253.4
041 0 |a slo 
044 |a SK 
245 1 0 |a Finančné technológie a regulácia bezpečnosti platobných transakcií  |c Magdaléna Kubranová 
520 |a Teoretické východiská aplikácií finančných technológií a stav riešenej problematiky. Liberalizácia platobných služieb a otvorené bankovníctvo. Riziká a ochrana platobných transakcií. Výskum regulačných inštrukcií v oblasti bezpečnosti: platobné príkazy a inštrukcia k poplatkom, reklamácie platobných služieb, vrátenie prostriedkov pri neautorizovanej platbe, silná autentifikácia a potvrdenie dostupnosti prostriedkov na účte. 
610 2 0 |a platby elektronické 
610 2 0 |a bankovníctvo elektronické 
610 2 0 |a bankovníctvo otvorené 
610 2 0 |a technológie nové 
610 2 0 |a technológie obchodné 
610 2 0 |a transfer technológie 
610 2 0 |a bezpečnosť 
610 2 0 |a bezpečnosť elektronická 
610 2 0 |a bezpečnosť ekonomická 
100 1 |a Kubranová, Magdaléna, 1956-